000 00277nam a2200109Ia 4500
005 20251222141942.0
008 251222s9999||||xx |||||||||||||| ||spa||
082 _a351.918.5/D44
245 0 _aDescentralización y buen gobierno:
264 _bDefensoría del Pueblo
942 _cLIB
999 _c9394
_d9394